000 nam a22 7a 4500
999 _c10001
_d10001
008 180209b ||||| |||| 00| 0 eng d
100 _aCloke,R.
_96040
245 _aHello Brer Rabbit
260 _aNew York
_bExeter Books
_c1986